000 00353nam a2200145Ia 4500
008 230711s9999||||xx |||||||||||||| ||und||
041 _aENG
082 _a658
_bGU-B
100 _aGupta,R
245 0 _aBusiness letters
250 _a1st . Ed.
260 _c2002
_aNew Delhi
_bRamesh Publishing House
650 _aUNIVESITY BUSNIESS SCHOOL
942 _cBK
999 _c4147
_d4147